000 01675namaa2200397 i 4500
003 EG-GICUC
005 20260511124625.0
008 260511s2007 sy |||jr|||| 000 0 ara d
040 _aEG-GiCUC
_bara
_cEG-GiCUC
_dEG-GiCUC
_erda
041 1 _aara
_hfre
082 0 4 _221
_a301
_bM9923
092 0 4 _221
_a301
_bM9923
099 _a301 M9923
100 1 _eمؤلف.
240 1 _aTraité de sociologie
_sArabic
245 2 _aالمطول فى علم الاجتماع/
_cتأليف جان باشلار...[وآخرون] ؛ إشراف ريمون بودون ؛ ترجمة وجيه أسعد.
250 _aالطبعة الاولى
264 _aدمشق (سوريا) :
_bوزارة الثقافة، منشورات الهيئة العامة السورية للكتاب،
_c2007.
300 _aمجلد 2
_b؛
_c24 سم
336 _2rdacontent
_atext
337 _2rdamedia
_aUnmediated
338 _2rdacarrier
_avolume
500 _aالتردجمة العربية لـ : Traité de sociologie
504 _a409-371 ببليوجرافيا: صفحة. يشتمل على هوامش
541 _aد. جابر عصفور ؛
_bالقاهرة ؛
_cإهداء ؛
_d2024.
650 1 7 _aالاجتماع، علم
_2qrmak
651 1 _2qrmak
700 1 _aبال، فارنسيس
_eمؤلف مشارك.
700 1 _aبيرنبوم، بيير
_eمؤلف مشارك.
700 1 _aشازل، فرانسوا
_eمؤلف مشارك.
700 1 _aبودون، ريمون
_eمشرف.
700 1 _aأسعد، وجيه
_eمترجم.
710 2 _aوزارة الثقافة، الهيئة العامة السورية للكتاب
905 _aAya
942 _2ddc
_cBK
_e21
_n0
999 _c180101
_d180101